Matrimonio por contrato / (Registro nro. 2578)
[ vista simple ]
| 000 -LEADER | |
|---|---|
| fixed length control field | 01450nam a2200193 a 4500 |
| 008 - CAMPO DE CONTROL (LIBRO) | |
| fixed length control field | 171114e2016 ag ||||| |||| 00| f spa d |
| 041 ## - CODIGO DE IDIOMA | |
| Código de idioma del texto/pista de sonido o título separado | spa |
| 092 ## - SIGNATURA TOPOGRAFICA DEWEY LOCAL | |
| número de clasificación | 808 |
| libristica | 68 |
| sección | PRO |
| 100 1# - ENTRADA PRINCIPAL--NOMBRE PERSONAL | |
| Nombre personal | Probst, Jennifer |
| 9 (RLIN) | 3380 |
| 245 ## - TITULO PROPIAMENTE DICHO | |
| Título | Matrimonio por contrato / |
| Mención de responsabilidad y remanente de la transcripción de la portada | Jennifer Probst |
| 250 ## - MENCION DE EDICION | |
| Mención de edición | 1a ed. |
| 260 ## - PIE DE IMPRENTA | |
| Lugar de publicación, distribución, etc | Buenos Aires: |
| Nombre de la editorial, distribuidor, etc | Cisne; |
| Fecha de publicación | 2016. |
| 300 ## - DESCRIPCION FISICA | |
| Extension | 267 p. |
| 500 ## - NOTA GENERAL | |
| Nota general | Probst, J. (2016). Matrimonio por contrato. (1a ed.). Buenos Aires : Cisne. |
| 505 ## - NOTA DE CONTENIDO | |
| Nota de contenido formateada | El multimillonario Nick Ryan siempre se ha regido por la lógica y la razón, por lo que considera que eso del amor eterno es cosa de los cuentos de hadas. Como ahora debe casarse para obtener el control de sus negocios, necesita a alguien que acate unas reglas básicas: no enamorarse, evitar cualquier implicación emocional y mantener una relación puramente formal. Alexa, es la mejor amiga de su hermana, es el tipo de chica impulsiva e idealista capaz de llevar a cabo un conjuro para conseguir a un hombre. Pero también haría lo que fuera por sus padres y resulta que necesitan dinero para liquidar la hipoteca de la casa familiar. Así que ella y Nick acuerdan un matrimonio de conveniencia durante un año. No debería ser tan dificil ¿verdad? Sin embargo, una serie de malentendidos, la irrupción del pasado, el destino y la pasión intervendrán para desbaratar sus planes. |
| 590 ## - NOTAS LOCALES (RLIN) | |
| Nota local | DONACION VERONICA ARIAS NOV/2017 |
| 655 ## - MATERIA - GENERO/FORMA | |
| Género/Forma | Literatura |
| -- | 2917 |
| 942 ## - ADDED ENTRY ELEMENTS (KOHA) | |
| Source of classification or shelving scheme | Dewey Decimal Classification |
| Item type | LITERATURA |
| Estado de retiro | Existencia | Fuente de clasificación | Estado general | No para prestamo | Ubicación permanente | ubicación actual | Sala de ubicación | Fecha de adquisición | Fuente de adquisición | Total Checkouts | Total Renewals | Número de clasificación | Código de barras | Date last seen | Date last borrowed | Número de ejemplar | Price effective from | Koha tipo de elemento (item) | Public note |
|---|---|---|---|---|---|---|---|---|---|---|---|---|---|---|---|---|---|---|---|
| Dewey Decimal Classification | Biblioteca Medicina | Biblioteca Medicina | Circulación | 14/11/2017 | Donacion | 2 | 1 | 808;68;PRO | 4043 | 12/08/2019 | 05/07/2019 | Ej. 1 | 14/11/2017 | LITERATURA | DONACION VERONICA ARIAS NOV/2017 |